[Event "Torino Province-ch"]
[Site "Torino"]
[Date "2016.02.23"]
[Round "5"]
[White "Liviabella, Lucio"]
[Black "Plenzick, Angelo Mario"]
[Result "1-0"]
[WhiteElo "1581"]
[BlackElo "1703"]
[PlyCount "111"]
[EventDate "2016.01.26"]
[EventType "swiss"]
[EventRounds "7"]
[EventCountry "ITA"]
[SourceTitle "EXT 2018"]
[Source "ChessBase"]
[SourceDate "2017.10.13"]
[SourceVersion "1"]
[SourceVersionDate "2017.10.13"]
[SourceQuality "1"]

1. e4 c6 2. Bc4 d5 3. exd5 cxd5 4. Bb3 Nf6 5. Nf3 Bg4 6. h3 Bxf3 7. Qxf3 e6 8. d3 Nbd7 9. Ba4 a6 10. Bxd7+ Qxd7 11. 0-0 Be7 12. c3 0-0 13. Nd2 Rac8 14. d4 Ne8 15. Qg4 Nd6 16. Nf3 Bf6 17. Ne5 Qb5 18. a4 Qb6 19. Nd7 Qd8 20. Nxf8 Qxf8 21. h4 Rc4 22. Bg5 Qe7 23. Bxf6 Qxf6 24. Rfe1 b6 25. Re3 Ne4 26. Rf3 Qe7 27. Qf4 Qe8 28. a5 b5 29. Rd3 Qd8 30. f3 Nc5 31. Re3 Nb7 32. Re5 Nc5 33. Qg3 Nb7 34. Rg5 g6 35. h5 Nd6 36. hxg6 hxg6 37. Qg4 Nf5 38. Kf2 Qf6 39. Rh1 Kf8 40. f4 Ke7 41. Qf3 Nd6 42. Re5 Ra4 43. Rhe1 Rxa5 44. Rxd5 Kd7 45. Rg5 Ra2 46. Re2 Kc7 47. Rc5+ Kb8 48. Qc6 Qxf4+ 49. Qf3 Qh4+ 50. g3 Qh2+ 51. Ke3 Qg1+ 52. Kf4 Rxb2 53. Rxb2 Qc1+ 54. Ke5 Qxb2 55. Kxd6 Qh2 56. Rc7 1-0

[Event "Torino Province-ch"]
[Site "Torino"]
[Date "2016.02.09"]
[Round "3"]
[White "Femia, Nicola"]
[Black "Plenzick, Angelo Mario"]
[Result "1-0"]
[WhiteElo "1835"]
[BlackElo "1703"]
[PlyCount "99"]
[EventDate "2016.01.26"]
[EventType "swiss"]
[EventRounds "7"]
[EventCountry "ITA"]
[SourceTitle "EXT 2018"]
[Source "ChessBase"]
[SourceDate "2017.10.13"]
[SourceVersion "1"]
[SourceVersionDate "2017.10.13"]
[SourceQuality "1"]

1. e4 c6 2. d4 d5 3. e5 Bf5 4. Nf3 e6 5. Be2 Ne7 6. 0-0 Nd7 7. c3 Qb6 8. Nbd2 c5 9. Nb3 c4 10. Nbd2 h6 11. h3 Nc6 12. Nh2 Be7 13. Kh1 Qc7 14. f4 b5 15. Ndf3 a5 16. a3 0-0 17. Qe1 b4 18. Bd2 bxa3 19. bxa3 a4 20. Nh4 Be4 21. Qg3 Kh7 22. N2f3 Na5 23. f5 exf5 24. Bf4 Nb3 25. e6 Qd8 26. exd7 Nxa1 27. Rxa1 Qxd7 28. Be5 f6 29. Qg6+ Kh8 30. Bf4 Bd6 31. Bxd6 Qxd6 32. Nxf5 Qd7 33. N3h4 Ra7 34. Bf3 Bd3 35. Qg4 Re8 36. Qh5 Kh7 37. Qg6+ Kh8 38. Bxd5 Re2 39. Bf3 Rb2 40. Re1 Rb1 41. Rxb1 Bxb1 42. Qg4 Qe8 43. Qg3 Kh7 44. Nd6 Qb8 45. Be4+ Bxe4 46. Nxe4 Qb1+ 47. Kh2 Qxe4 48. Nf3 Qd3 49. h4 Qxc3 50. Ng5+ 1-0

[Event "Torino Province-ch"]
[Site "Torino"]
[Date "2015.02.12"]
[Round "3"]
[White "Parisi, Gianmario"]
[Black "Plenzick, Angelo Mario"]
[Result "0-1"]
[WhiteElo "1843"]
[BlackElo "1725"]
[PlyCount "54"]
[EventDate "2015.01.29"]
[EventType "swiss"]
[EventRounds "7"]
[EventCountry "ITA"]
[SourceTitle "EXT 2017"]
[Source "ChessBase"]
[SourceDate "2016.10.25"]
[SourceVersion "1"]
[SourceVersionDate "2016.10.25"]
[SourceQuality "1"]

1. e4 c6 2. d4 d5 3. e5 Bf5 4. Nd2 e6 5. Nb3 Nd7 6. Nf3 Ne7 7. Be2 h6 8. 0-0 Qb6 9. Be3 Rc8 10. c4 dxc4 11. d5 Qd8 12. dxe6 Bxe6 13. Nbd4 Bd5 14. Qc2 Ng6 15. e6 Nde5 16. exf7+ Bxf7 17. Rad1 Qf6 18. Nxe5 Nxe5 19. Rfe1 Bb4 20. Rf1 0-0 21. f4 Nd3 22. Bxd3 cxd3 23. Qxd3 Rcd8 24. Qe2 Rfe8 25. Qf2 Bc5 26. Ne2 Rxd1 27. Rxd1 Qe7 0-1